Qui a écrit ces 50 classiques de la littérature - Statistiques

Statistiques générales
  • Ce quiz a été pris 429 fois
  • Le résultat moyen est 29 sur 50
Statistiques - réponses
Hint Réponse % Correct
Le Petit Prince Antoine de Saint-Exupéry
95%
Les trois mousquetaires Alexandre Dumas
93%
Les fleurs du mal Charles Baudelaire
91%
L'étranger Albert Camus
90%
Notre dame de Paris Victor Hugo
89%
Roméo et Juliette William Shakespeare
89%
Madame Bovary Gustave Flaubert
87%
Bel-ami Guy de Maupassant
87%
1984 George Orwell
86%
l'Illiade Homère
85%
Vingt mille lieues sous les mers Jules Verne
84%
Dom Juan Molière
78%
Au bonheur des dames Émile Zola
77%
Les hauts de hurlevent Emily Brontë
72%
La métamorphose Franz Kafka
71%
Jane Eyre Charlotte Brontë
70%
Orgueil et préjugés Jane Austen
68%
Anna Karenine Léon Tolstoï
66%
Cyrano de Bergerac Edmond Rostand
63%
Oliver Twist Charles Dickens
59%
Frankenstein Mary Shelley
59%
Don Quichotte de la Manche Miguel de Cervantes
59%
Antigone Jean Anouilh
56%
La princesse de Clèves Madame de Lafayette
56%
L'amant Marguerite Duras
56%
Le portrait de Dorian Gray Oscar Wilde
56%
Shining Stephen King
56%
Des souris et des hommes John Steinbeck
55%
La promesse de l'aube Romain Gary
55%
Crimes et châtiments Fédor Dostoïevski
54%
Charlie et la chocolaterie Roald Dahl
54%
Alice au pays des merveilles Lewis Carroll
51%
Le dernier problème et autres aventures de Sherlock Holmes Arthur Conan Doyle
50%
Croc - Blanc Jack London
50%
Le joueur d'échecs Stefan Zweig
46%
Le meilleur des mondes Aldous Huxley
43%
Dracula Bram Stocker
43%
La servante écarlate Margaret atwood
41%
L'alchimiste Paulo Coelho
40%
Les aventures de Tom Sawyer Mark Twain
35%
Mrs Dalloway Virginia Woolf
34%
La petite fadette George Sand
32%
Sur la route Jack Kerouac
31%
Ne tirez pas sur l'oiseau moqueur Harper Lee
28%
Chéri Colette
27%
Les voyages de Gulliver Jonathan Swift
27%
L'utopie Thomas More
21%
Les quatre filles du docteur march Louisa may alcott
19%
Le maître et Marguerite Mikhaïl Boulgakov
16%
Le magicien d'Oz Lyman Frank Baum
8%
Aucun quiz correspondant
Distribution des résultats
% des personnes avec chaque résultat
Percentile par nombre de réponses
Votre historique - résultats
Vous n’avez pas pris ce quiz